Annual review of fluid mechanics (Record no. 12496)

MARC details
000 -LEADER
fixed length control field 00574nam a2200181Ia 4500
003 - CONTROL NUMBER IDENTIFIER
control field IN-BaIIA
008 - FIXED-LENGTH DATA ELEMENTS--GENERAL INFORMATION
fixed length control field 211028s9999 xx 000 0 eng d
020 ## - INTERNATIONAL STANDARD BOOK NUMBER
International Standard Book Number 0-8243-0729-1
040 ## - CATALOGING SOURCE
Transcribing agency IIA Library
080 ## - UNIVERSAL DECIMAL CLASSIFICATION NUMBER
Universal Decimal Classification number 047.1:532
Item number ARF-29
100 ## - MAIN ENTRY--PERSONAL NAME
Personal name Lumley, J. L.
9 (RLIN) 21874
245 #0 - TITLE STATEMENT
Title Annual review of fluid mechanics
Remainder of title vol. 29
Statement of responsibility, etc. J. L. Lumley, M. Van Dyke and H. L.Reed
260 ## - PUBLICATION, DISTRIBUTION, ETC.
Place of publication, distribution, etc. USA
Name of publisher, distributor, etc. Annual Reviews
Date of publication, distribution, etc. 1997
300 ## - PHYSICAL DESCRIPTION
Extent 630p
650 ## - SUBJECT ADDED ENTRY--TOPICAL TERM
Topical term or geographic name entry element Fluid Mechanics, Annual Reviews
9 (RLIN) 21875
700 ## - ADDED ENTRY--PERSONAL NAME
Personal name Reed, H. L.
9 (RLIN) 21876
942 ## - ADDED ENTRY ELEMENTS (KOHA)
Koha item type Books
Holdings
Withdrawn status Lost status Damaged status Not for loan Home library Current library Shelving location Date acquired Source of acquisition Cost, normal purchase price Total Checkouts Full call number Barcode Date last seen Cost, replacement price Price effective from Koha item type Purchase Price
        IIA Library-Bangalore IIA Library-Bangalore General Stacks 18/05/1998 ALL 5330.00   047.1:532/ARF-29 13413 05/11/2021 5330.00 18/05/1998 Books Rs. 5330.00

Powered by Koha